| 000 | 00375nam a22001457a 4500 | ||
|---|---|---|---|
| 999 |
_c17409 _d17409 |
||
| 008 | 190201b xxu||||| |||| 00| 0 eng d | ||
| 020 | _a1847030603 | ||
| 050 |
_aJX3295 _b .N88 2007 c.1 |
||
| 100 | _aStockdale, Michael [et al.]. | ||
| 245 | _aNutcases evidence | ||
| 250 | _a1st ed. | ||
| 260 |
_aLondon _bSweet & Maxwell _c2007 |
||
| 300 | _axxi, 263p. | ||
| 942 |
_2lcc _cBK |
||